| 000 | 01348cam a2200337 a 4500 | ||
|---|---|---|---|
| 005 | 20260322212011.0 | ||
| 008 | data | ||
| 010 | _a 96005806 | ||
| 020 | _a031329223X (alk. paper) | ||
| 020 | _a9780313292231 (alk. paper) | ||
| 040 |
_aDLC _cDLC _dDLC |
||
| 043 | _ae-fr--- | ||
| 050 | 0 | 0 |
_aDC33.7 _b.N63 1996 |
| 082 | 0 | 0 |
_a944.083 _220 |
| 092 | _a994.083 N63 1996 | ||
| 100 | 1 | _aNorthcutt, Wayne. | |
| 245 | 1 | 4 |
_aThe regions of France : _ba reference guide to history and culture / _cWayne Northcutt. |
| 260 |
_aWestport, Conn. : _bGreenwood Press, _c1996. |
||
| 300 |
_ax, 310 p., [16] p. of plates : _bill., maps ; _c24 cm. |
||
| 504 | _aIncludes bibliographical references (p. [271]-276) and index. | ||
| 650 | 0 |
_aPopular culture _zFrance _xRegions. |
|
| 650 | 0 |
_aDecentralization in government _zFrance _xHistory _y20th century. |
|
| 651 | 0 |
_aFrance _xCivilization _y1945- |
|
| 906 |
_a7 _bcbc _corignew _d1 _eocip _f19 _gy-gencatlg |
||
| 920 | _a**LC HAS REQ'D # OF SHELF COPIES** | ||
| 991 |
_bc-GenColl _hDC33.7 _i.N63 1996 _tCopy 1 _wBOOKS |
||
| 991 |
_br-MRR _hDC33.7 _i.N63 1996 _tCopy 1 _mAlc _wGenBib bi 97-015801 |
||
| 991 |
_br-EurRR _hDC33.7 _i.N63 1996 _tcopy 2 _mFrance _wGenBib bi 98-006780 |
||
| 001 | data | ||
| 999 |
_c233 _d233 |
||